| 000 | 00616nam a22001937a 4500 | ||
|---|---|---|---|
| 003 | SISC | ||
| 005 | 20160404142051.0 | ||
| 008 | 130904t xxu||||| |||| 00| 0 eng d | ||
| 020 | _a9711350777 | ||
| 050 |
_aHG 1628 _b.B737 1984 |
||
| 082 |
_aHS 332.7 _bB64 1984 |
||
| 245 |
_aBorrowing money / _cMa. Bella A. Dumas, writer.; prepared by the University of the Philippines Inst. for science and Mathematics Education Development. |
||
| 260 |
_aDiliman, Q.C : _bThe Institute, _cc1984. |
||
| 300 |
_a14 p. : _bill, ; _c23 cm. |
||
| 562 | _e1 | ||
| 650 |
_aCredit. _916532 |
||
| 942 |
_2lcc _cBK |
||
| 999 |
_c10354 _d10354 |
||